003810000a22001090004500090001700000245006000017041001400077100004400091942001300135773010600148999001700254 aASbSeriadas10aRevalidación de Ruagea tomentosa cuatr. ()0 aEspañol1 aMorales Puentes, María Eugenia926869 cARTICULO1 tRevista de la Academia Colombiana de Ciencias Exactas, Fisicas y Naturales332h93q499-503d2000g24 c14219d14219